[Event "Gorges op 17th"]
[Site "Gorges"]
[Date "2007.??.??"]
[Round "5"]
[White "Batard, David"]
[Black "Alawieh, Amine"]
[Result "0-1"]
[WhiteElo "2024"]
[BlackElo "2248"]
[PlyCount "86"]
[EventDate "2007.07.08"]
[EventType "swiss"]
[EventRounds "7"]
[EventCountry "FRA"]
[SourceTitle "CBM 119 Extra"]
[Source "ChessBase"]
[SourceDate "2007.09.04"]
[SourceVersion "1"]
[SourceVersionDate "2007.09.04"]
[SourceQuality "1"]

1. d4 Nf6 2. c4 e6 3. Nf3 Bb4+ 4. Bd2 c5 5. Bxb4 cxb4 6. Nbd2 0-0 7. e3 d6 8. Bd3 e5 9. 0-0 Nc6 10. dxe5 dxe5 11. Qc2 Bg4 12. Ng5 h6 13. Nge4 Nxe4 14. Bxe4 Rc8 15. Nf3 Qe7 16. Rac1 Kh8 17. Bf5 Bxf5 18. Qxf5 g6 19. Qh3 Kg7 20. Rfd1 Rfd8 21. Rd5 e4 22. Nd4 Ne5 23. Rxd8 Rxd8 24. Qg3 Qf6 25. b3 a5 26. f3 Nd3 27. Rc2 exf3 28. gxf3 Re8 29. Re2 Nc1 30. Re1 Nxa2 31. Qf2 Nc3 32. Kf1 Qg5 33. h4 Qe5 34. f4 Qh5 35. f5 Ne4 36. Qf4 Nf6 37. fxg6 Re4 38. Qf3 Qxf3+ 39. Nxf3 fxg6 40. Ke2 Nd7 41. Rh1 Nc5 42. Nd2 Rg4 43. h5 Rg2+ 0-1

[Event "FRA-chT2 0304"]
[Site "France"]
[Date "2004.03.14"]
[Round "9"]
[White "Alawieh, Amine"]
[Black "Deslandes, Pascal"]
[Result "1/2-1/2"]
[WhiteElo "2253"]
[BlackElo "2273"]
[PlyCount "61"]
[EventDate "2003.10.??"]
[EventType "team"]
[EventRounds "11"]
[EventCountry "FRA"]
[SourceTitle "EXT 2005"]
[Source "ChessBase"]
[SourceDate "2004.11.15"]
[SourceVersion "1"]
[SourceVersionDate "2004.11.15"]
[SourceQuality "1"]

1. d4 Nf6 2. Nf3 g6 3. g3 Bg7 4. Bg2 0-0 5. 0-0 d6 6. Re1 Nbd7 7. e4 e5 8. c3 c6 9. b3 Re8 10. Nbd2 d5 11. exd5 Nxd5 12. Bb2 exd4 13. Rxe8+ Qxe8 14. cxd4 N7b6 15. Ne5 Bf5 16. Qf3 Rd8 17. Ne4 Qe7 18. a3 Bxe4 19. Qxe4 f6 20. Nd3 Qxe4 21. Bxe4 Ne7 22. Nc5 f5 23. Bf3 Rb8 24. Re1 Kf7 25. h4 Bf6 26. Kg2 Nbd5 27. b4 b6 28. Nd7 Rb7 29. Ne5+ Bxe5 30. dxe5 Ke6 31. Be2 1/2-1/2

[Event "FRA-chT2 0304"]
[Site "France"]
[Date "2003.10.12"]
[Round "1"]
[White "Bazart, David"]
[Black "Alawieh, Amine"]
[Result "0-1"]
[WhiteElo "2223"]
[BlackElo "2253"]
[PlyCount "78"]
[EventDate "2003.10.??"]
[EventType "team"]
[EventRounds "11"]
[EventCountry "FRA"]
[SourceTitle "EXT 2005"]
[Source "ChessBase"]
[SourceDate "2004.11.15"]
[SourceVersion "1"]
[SourceVersionDate "2004.11.15"]
[SourceQuality "1"]
[WhiteTeam "Bordeaux Echecs II"]
[BlackTeam "Migne Auxances"]
[WhiteTeamCountry "FRA"]
[BlackTeamCountry "FRA"]

1. d4 d5 2. c4 c6 3. Nf3 Nf6 4. Nc3 e6 5. cxd5 exd5 6. Bg5 Bf5 7. Qb3 Qb6 8. Qxb6 axb6 9. Bxf6 gxf6 10. Nh4 Be6 11. e3 b5 12. Bd3 Nd7 13. 0-0 Nb6 14. f4 Bb4 15. Ne2 Nc4 16. Bxc4 bxc4 17. a3 Bd2 18. Kf2 Ra6 19. f5 Bd7 20. Rfd1 Ba5 21. Ng3 Rb6 22. Rab1 Rb3 23. e4 Rg8 24. Nh5 Ke7 25. e5 fxe5 26. dxe5 Bb6+ 27. Kf1 Rg5 28. Ng3 Rg4 29. Nf3 Rf4 30. f6+ Kf8 31. Nh5 Rbxf3+ 32. gxf3 Rh4 33. Ng3 Rxh2 34. Ne2 Bf5 35. Ra1 Bd3 36. Rxd3 cxd3 37. Ng3 Rf2+ 38. Ke1 d2+ 39. Kd1 Rxf3 0-1

[Event "FRA-chT2W 0203"]
[Site "France"]
[Date "2003.01.18"]
[Round "5"]
[White "Alawieh, Amine"]
[Black "Riazuelo, Gilles"]
[Result "1/2-1/2"]
[WhiteElo "2283"]
[BlackElo "2043"]
[PlyCount "124"]
[EventDate "2002.10.??"]
[EventType "team"]
[EventRounds "11"]
[EventCountry "FRA"]
[SourceTitle "EXT 2004"]
[Source "ChessBase"]
[SourceDate "2003.11.25"]
[SourceVersion "1"]
[SourceVersionDate "2003.11.25"]
[SourceQuality "1"]
[WhiteTeam "Migne Auxances"]
[BlackTeam "Le Chesnay"]
[WhiteTeamCountry "FRA"]
[BlackTeamCountry "FRA"]

1. d4 Nf6 2. Nf3 g6 3. g3 Bg7 4. Bg2 0-0 5. 0-0 d6 6. Re1 c6 7. e4 Qc7 8. a4 e5 9. c3 a5 10. Nbd2 b6 11. b3 Nbd7 12. Ba3 Re8 13. Nc4 c5 14. dxe5 dxe5 15. Nd6 Re6 16. Nb5 Qc6 17. Rc1 Bh6 18. Rc2 Ba6 19. Bf1 Bxb5 20. Bxb5 Qc7 21. Bc1 Bxc1 22. Qxc1 Rd8 23. Bc4 Re7 24. Qg5 Rde8 25. Rd2 Kg7 26. Nh4 Kh8 27. f3 Ng8 28. Red1 h6 29. Qe3 Nf8 30. Bb5 Rb8 31. Rd6 Kg7 32. Bc4 Rd7 33. Qd2 Rbd8 34. Rxd7 Rxd7 35. Qe2 Qd8 36. Rd5 Nf6 37. Rxd7 Qxd7 38. Ng2 Ne6 39. Ne3 Nc7 40. Kg2 Qd6 41. h4 Qd7 42. Nc2 Qd6 43. Ne1 Ng8 44. Kf2 Ne7 45. Nd3 Nc6 46. Qe3 Ne7 47. Ke2 f6 48. Nf2 Qd7 49. Ng4 g5 50. Qc1 Qd6 51. hxg5 hxg5 52. Ne3 Qd8 53. Qh1 Qh8 54. Qxh8+ Kxh8 55. Kd3 Ne8 56. Be6 Kg7 57. Bd7 Nd6 58. Nc4 Nec8 59. Bxc8 Nxc8 60. Nxa5 bxa5 61. Kc4 f5 62. Kxc5 g4 1/2-1/2

[Event "Nantes op 2nd"]
[Site "Nantes"]
[Date "2003.??.??"]
[Round "8"]
[White "Mullon, Jean Baptiste"]
[Black "Alawieh, Amine"]
[Result "1/2-1/2"]
[WhiteElo "2325"]
[BlackElo "2253"]
[PlyCount "63"]
[EventDate "2003.12.26"]
[EventType "swiss"]
[EventRounds "9"]
[EventCountry "FRA"]
[SourceTitle "CBM 097 Extra"]
[Source "ChessBase"]
[SourceDate "2004.01.13"]
[SourceVersion "1"]
[SourceVersionDate "2004.01.13"]
[SourceQuality "1"]

1. e4 e5 2. Nf3 Nc6 3. d4 d6 4. Bb5 Bd7 5. Nc3 Nf6 6. 0-0 Be7 7. Bxc6 Bxc6 8. dxe5 dxe5 9. Qxd8+ Rxd8 10. Nxe5 Bxe4 11. Nxe4 Nxe4 12. Re1 Nc5 13. Nc4 Ne6 14. c3 0-0 15. Na5 Rd5 16. Nc4 Rfd8 17. Kf1 a6 18. Be3 Kf8 19. a4 Nc5 20. Bxc5 Rxc5 21. Ne3 Bg5 22. g3 Rd2 23. f4 Be7 24. Re2 Rd3 25. Rae1 h5 26. Nf5 Rxf5 27. Rxe7 g5 28. Rxc7 gxf4 29. Ke2 Re3+ 30. Kf2 Rd3 31. Ke2 Re3+ 32. Kf2 1/2-1/2

[Event "Trignac L'Estuaire op 1st"]
[Site "Trignac"]
[Date "2001.02.14"]
[Round "6"]
[White "Alawieh, Amine"]
[Black "Mercier, Jean Loup"]
[Result "1-0"]
[WhiteElo "2318"]
[BlackElo "2052"]
[PlyCount "39"]
[EventDate "2001.02.10"]
[EventType "swiss"]
[EventRounds "9"]
[EventCountry "FRA"]
[SourceTitle "EXT 2002"]
[Source "ChessBase"]
[SourceDate "2001.11.25"]
[SourceVersion "1"]
[SourceVersionDate "2001.11.25"]
[SourceQuality "1"]

1. d4 d5 2. c4 dxc4 3. Nf3 Nf6 4. e3 e6 5. Bxc4 c5 6. 0-0 Nc6 7. Qe2 a6 8. Rd1 b5 9. Bb3 c4 10. Bc2 Nb4 11. e4 Nxc2 12. Qxc2 Bb7 13. d5 exd5 14. exd5 Bd6 15. Bg5 h6 16. Re1+ Kf8 17. Bxf6 Qxf6 18. Nc3 g5 19. Ne4 Qf4 20. Qc3 1-0

[Event "FRA-chT2 9899"]
[Site "France"]
[Date "1999.??.??"]
[Round "?"]
[White "Rate, Bruno"]
[Black "Alawieh, Amine"]
[Result "1/2-1/2"]
[WhiteElo "2050"]
[BlackElo "2360"]
[PlyCount "38"]
[EventDate "1998.??.??"]
[EventType "team"]
[EventRounds "9"]
[EventCountry "FRA"]
[SourceTitle "EXT 2008"]
[Source "ChessBase"]
[SourceDate "2007.11.25"]
[SourceVersion "1"]
[SourceVersionDate "2007.11.25"]
[SourceQuality "1"]

1. d4 Nf6 2. Nf3 d5 3. c4 c6 4. Nc3 e6 5. cxd5 exd5 6. Bg5 Bf5 7. e3 Nbd7 8. Bd3 Bxd3 9. Qxd3 Be7 10. 0-0 0-0 11. Rfb1 a5 12. Rc1 Ne4 13. Bxe7 Qxe7 14. Rc2 f5 15. Qe2 Rf6 16. Rac1 Raf8 17. Nd2 Re6 18. Ncxe4 fxe4 19. Nb3 a4 1/2-1/2

[Event "Fouesnant op 03rd"]
[Site "Fouesnant"]
[Date "1997.??.??"]
[Round "1"]
[White "Alawieh, Amine"]
[Black "Brient, Yoann"]
[Result "1-0"]
[WhiteElo "2295"]
[BlackElo "1660"]
[PlyCount "27"]
[EventDate "1997.10.??"]
[EventType "swiss"]
[EventRounds "9"]
[EventCountry "FRA"]
[SourceTitle "EXT 2003"]
[Source "ChessBase"]
[SourceDate "2002.11.25"]
[SourceVersion "1"]
[SourceVersionDate "2002.11.25"]
[SourceQuality "1"]

1. d4 Nf6 2. Nf3 g6 3. g3 Bg7 4. Bg2 0-0 5. 0-0 d5 6. c4 e6 7. Nc3 c6 8. Qd3 b6 9. Ne5 Nfd7 10. Nxd7 Qxd7 11. cxd5 exd5 12. Bf4 f5 13. Rac1 Qe7 14. Nxd5 1-0

[Event "Paris op"]
[Site "Paris"]
[Date "1997.??.??"]
[Round "?"]
[White "Szylar, Eric"]
[Black "Alawieh, Amine"]
[Result "0-1"]
[WhiteElo "2100"]
[BlackElo "2270"]
[PlyCount "38"]
[EventDate "1997.??.??"]
[EventType "swiss"]
[EventRounds "9"]
[EventCountry "FRA"]
[SourceTitle "EXT 1999"]
[Source "ChessBase"]
[SourceDate "1998.11.16"]
[SourceVersion "1"]
[SourceVersionDate "1998.11.16"]
[SourceQuality "1"]

1. e4 e5 2. Nc3 Nf6 3. f4 d5 4. fxe5 Nxe4 5. d3 Nxc3 6. bxc3 d4 7. Nf3 Nc6 8. Be2 Bc5 9. 0-0 0-0 10. Qe1 f6 11. exf6 Qxf6 12. Bg5 Qg6 13. Qh4 h6 14. Bf4 dxc3+ 15. Kh1 Bg4 16. Bxc7 Rae8 17. Rae1 Rxe2 18. Rxe2 Rxf3 19. Ree1 Be7 0-1

[Event "Metz op 14th"]
[Site "Metz"]
[Date "1996.??.??"]
[Round "?"]
[White "Alawieh, Amine"]
[Black "Mayer, J."]
[Result "1-0"]
[WhiteElo "2260"]
[BlackElo "2045"]
[PlyCount "67"]
[EventDate "1996.04.??"]
[EventType "swiss"]
[EventRounds "9"]
[EventCountry "FRA"]
[SourceTitle "EXT 1998"]
[Source "ChessBase"]
[SourceDate "1997.11.17"]
[SourceVersion "1"]
[SourceVersionDate "1997.11.17"]
[SourceQuality "1"]

1. d4 Nf6 2. Nf3 b6 3. e3 Bb7 4. Bd3 c5 5. Nbd2 e6 6. 0-0 Be7 7. c3 0-0 8. e4 d6 9. Qe2 cxd4 10. cxd4 Nbd7 11. b3 Qc7 12. Ba3 Rfe8 13. Rac1 Qd8 14. Ba6 Bxa6 15. Qxa6 Nf8 16. e5 dxe5 17. Bxe7 Qxe7 18. dxe5 Nd5 19. Ne4 Ng6 20. g3 Red8 21. a3 Qd7 22. h4 Rac8 23. h5 Nge7 24. h6 Rxc1 25. Rxc1 f5 26. Nd6 Nc6 27. hxg7 Kxg7 28. Qa4 Nxe5 29. Nxf5+ exf5 30. Qd4 Qd6 31. Nxe5 Nf6 32. Qf4 h6 33. Qxf5 Nd7 34. Qf7+ 1-0

[Event "Cannes op-B"]
[Site "Cannes"]
[Date "1996.??.??"]
[Round "5.1"]
[White "Alawieh, Amine"]
[Black "Tavadian, Ragik"]
[Result "0-1"]
[WhiteElo "2260"]
[BlackElo "2300"]
[PlyCount "60"]
[EventDate "1996.??.??"]
[EventType "swiss"]
[EventRounds "9"]
[EventCountry "FRA"]
[SourceTitle "EXT 2005"]
[Source "ChessBase"]
[SourceDate "2004.11.15"]
[SourceVersion "1"]
[SourceVersionDate "2004.11.15"]
[SourceQuality "1"]

1. d4 Nf6 2. Nf3 d6 3. g3 c6 4. Bg2 Nbd7 5. 0-0 e5 6. dxe5 dxe5 7. Nbd2 e4 8. Ng5 e3 9. Nde4 exf2+ 10. Rxf2 Qb6 11. e3 h6 12. Nxf6+ Nxf6 13. Ne4 Nxe4 14. Bxe4 Bc5 15. Qf3 0-0 16. a3 a5 17. Bd3 Bd7 18. Bc4 Rae8 19. b4 axb4 20. axb4 Qxb4 21. Bxf7+ Kh8 22. Ba3 Qc3 23. Bxc5 Qxa1+ 24. Rf1 Qe5 25. Bxf8 Rxf8 26. Qf4 Qe7 27. Qc4 Bh3 28. Rf3 Be6 29. Bxe6 Rxf3 30. Bg4 Rxe3 0-1

[Event "Cannes op"]
[Site "Cannes"]
[Date "1995.??.??"]
[Round "6"]
[White "Alawieh, Amine"]
[Black "Levacic, Patrick"]
[Result "1-0"]
[WhiteElo "2315"]
[BlackElo "2340"]
[PlyCount "93"]
[EventDate "1995.02.??"]
[EventType "swiss"]
[EventRounds "9"]
[EventCountry "FRA"]
[SourceTitle "CBM 046 Extra"]
[Source "ChessBase"]
[SourceDate "1995.07.01"]
[SourceVersion "1"]
[SourceVersionDate "1995.07.01"]
[SourceQuality "1"]

1. d4 Nf6 2. Nf3 c5 3. e3 g6 4. c4 Bg7 5. Nc3 0-0 6. d5 e6 7. e4 exd5 8. exd5 d6 9. Be2 Bg4 10. 0-0 Nfd7 11. Bg5 Qb6 12. Qd2 Bxf3 13. Bxf3 Ne5 14. Be2 f5 15. Rab1 Re8 16. Be3 a5 17. Kh1 Na6 18. b3 Re7 19. a3 Rae8 20. Nb5 Nf7 21. Bd3 Qd8 22. Rfe1 Be5 23. f4 Bf6 24. Bf2 b6 25. Rxe7 Rxe7 26. h3 Qe8 27. Rg1 Nc7 28. Nc3 Qf8 29. g3 Qh6 30. Kg2 Qg7 31. Ne2 Bb2 32. g4 fxg4 33. hxg4 Bxa3 34. Rb1 Bb4 35. Qc2 Nh6 36. Kf3 b5 37. cxb5 Qf7 38. Bc4 Ne8 39. Rh1 Qf8 40. Bh4 Rf7 41. Bg3 Rxf4+ 42. Bxf4 g5 43. Rxh6 Qxh6 44. Bg3 Qh1+ 45. Ke3 a4 46. bxa4 Ba5 47. Qf5 1-0

[Event "Cannes op"]
[Site "Cannes"]
[Date "1995.??.??"]
[Round "2"]
[White "Alawieh, Amine"]
[Black "Sale, Srdjan"]
[Result "0-1"]
[WhiteElo "2315"]
[BlackElo "2390"]
[PlyCount "100"]
[EventDate "1995.02.??"]
[EventType "swiss"]
[EventRounds "9"]
[EventCountry "FRA"]
[SourceTitle "CBM 046 Extra"]
[Source "ChessBase"]
[SourceDate "1995.07.01"]
[SourceVersion "1"]
[SourceVersionDate "1995.07.01"]
[SourceQuality "1"]

1. d4 Nf6 2. Nf3 g6 3. g3 Bg7 4. Bg2 0-0 5. 0-0 d6 6. Re1 c5 7. dxc5 dxc5 8. Qxd8 Rxd8 9. c3 Nc6 10. Be3 Nd7 11. Ng5 Nce5 12. Na3 Rb8 13. Rad1 b6 14. Bf4 Ba6 15. Bd5 Rbc8 16. Bxe5 Nxe5 17. f4 h6 18. fxe5 hxg5 19. e6 f5 20. e4 b5 21. Nc2 b4 22. cxb4 Bxb2 23. b5 Bxb5 24. Rb1 Bc3 25. Rxb5 Bxe1 26. Nxe1 fxe4 27. Bxe4 Rd1 28. Rb1 Rcd8 29. Rxd1 Rxd1 30. Kf1 Rd2 31. a4 Kg7 32. Nf3 Ra2 33. Nxg5 Rxa4 34. Ke2 Rb4 35. Kd3 a5 36. Kc3 a4 37. Bd5 Kf6 38. Nf3 Kf5 39. h3 a3 40. Bb3 Ke4 41. Nh4 g5 42. Ng6 Rb7 43. h4 Kf5 44. h5 Kf6 45. Nf8 Ra7 46. Ba2 Ra4 47. Nh7+ Kf5 48. Bb1+ Kg4 49. Ba2 Ra8 50. h6 Kh5 0-1

[Event "Paris op"]
[Site "Paris"]
[Date "1995.??.??"]
[Round "?"]
[White "Blees, Albert"]
[Black "Alawieh, Amine"]
[Result "1-0"]
[WhiteElo "2410"]
[BlackElo "2315"]
[PlyCount "35"]
[EventDate "1995.04.??"]
[EventType "swiss"]
[EventRounds "9"]
[EventCountry "FRA"]
[SourceTitle "EXT 1997"]
[Source "ChessBase"]
[SourceDate "1996.11.15"]
[SourceVersion "1"]
[SourceVersionDate "1996.11.15"]
[SourceQuality "1"]

1. e4 e5 2. Nf3 Nc6 3. Bb5 Nf6 4. 0-0 Bc5 5. Nxe5 Nxe5 6. d4 a6 7. Ba4 Ba7 8. dxe5 Nxe4 9. Qg4 Nxf2 10. Qxg7 Rf8 11. Bh6 Ng4+ 12. Kh1 Nxh6 13. Qxh6 b5 14. Bb3 Bb7 15. Nc3 b4 16. Nd5 Bxd5 17. Bxd5 c6 18. e6 1-0

[Event "FRA-ch op FIDE"]
[Site "Paris"]
[Date "1994.??.??"]
[Round "2"]
[White "Alawieh, Amine"]
[Black "Krivokapic, Ratko"]
[Result "1-0"]
[WhiteElo "2360"]
[BlackElo "2230"]
[PlyCount "103"]
[EventDate "1994.??.??"]
[EventType "swiss"]
[EventRounds "9"]
[EventCountry "FRA"]
[SourceTitle "EXT 1998"]
[Source "ChessBase"]
[SourceDate "1997.11.17"]
[SourceVersion "1"]
[SourceVersionDate "1997.11.17"]
[SourceQuality "1"]

1. d4 d5 2. Nf3 c6 3. e3 Nf6 4. c4 e6 5. Nc3 Nbd7 6. Qc2 Bd6 7. b3 0-0 8. Be2 Qc7 9. Bb2 e5 10. cxd5 cxd5 11. dxe5 Nxe5 12. Rc1 Nxf3+ 13. Bxf3 Be6 14. Qb1 Qb8 15. Nb5 Be5 16. Qa1 Bxb2 17. Qxb2 a6 18. Nd4 Qe5 19. 0-0 Bg4 20. Qe2 h5 21. h3 Bd7 22. Rc5 Rac8 23. Rfc1 Rxc5 24. Rxc5 Rc8 25. Rxc8+ Bxc8 26. Qc2 Bd7 27. Qc5 g5 28. Be2 g4 29. hxg4 hxg4 30. g3 Ne4 31. Qb6 Qf6 32. Qxf6 Nxf6 33. Kf1 Kf8 34. Ke1 Ke7 35. Bd3 Kd6 36. Kd2 Kc5 37. Kc3 a5 38. a3 Kd6 39. Ne2 b6 40. Kd4 Be6 41. Nc3 Nd7 42. b4 f6 43. bxa5 bxa5 44. e4 Ne5 45. exd5 Nxd3 46. Ne4+ Ke7 47. dxe6 Ne1 48. Kd5 Nc2 49. Nd6 Nxa3 50. Nf5+ Ke8 51. Kc5 Nb1 52. Kd6 1-0

[Event "FRA-ch op FIDE"]
[Site "Paris"]
[Date "1994.??.??"]
[Round "1"]
[White "Solozhenkin, Evgeniy"]
[Black "Alawieh, Amine"]
[Result "1-0"]
[WhiteElo "2525"]
[BlackElo "2360"]
[PlyCount "101"]
[EventDate "1994.??.??"]
[EventType "swiss"]
[EventRounds "9"]
[EventCountry "FRA"]
[SourceTitle "EXT 1998"]
[Source "ChessBase"]
[SourceDate "1997.11.17"]
[SourceVersion "1"]
[SourceVersionDate "1997.11.17"]
[SourceQuality "1"]

1. d4 d5 2. c4 c6 3. Nf3 Nf6 4. Nc3 e6 5. Bg5 h6 6. Bxf6 Qxf6 7. g3 g6 8. Bg2 Bg7 9. 0-0 0-0 10. Qb3 Nd7 11. e4 dxc4 12. Qxc4 e5 13. d5 Nb6 14. Qb3 cxd5 15. exd5 Bf5 16. Nd2 Rab8 17. Nde4 Qd8 18. Rac1 Nc8 19. d6 Be6 20. Qa3 b5 21. Qc5 f5 22. Qc7 Nb6 23. Nc5 Bc4 24. Rfd1 Rc8 25. Qxd8 Rfxd8 26. Nb7 Rd7 27. b3 e4 28. bxc4 Rxb7 29. Nxb5 Nxc4 30. Bf1 Nxd6 31. Nxd6 Rxc1 32. Rxc1 Rd7 33. Rc6 Bd4 34. Nb5 Be5 35. Rxg6+ Kf7 36. Rxh6 Rd2 37. Ra6 f4 38. gxf4 Bxf4 39. Rxa7+ Kf6 40. Ra4 Ke5 41. Nc3 e3 42. Re4+ Kf5 43. Bh3+ Kg5 44. fxe3 Bxh2+ 45. Kf1 Rc2 46. Rc4 Kh5 47. Bg4+ Kg6 48. Bd1 Rd2 49. Ke1 Rb2 50. Bb3 Kf6 51. Ne4+ 1-0

[Event "FRA-ch Fide"]
[Site "Nantes"]
[Date "1993.08.25"]
[Round "8"]
[White "Alawieh, Amine"]
[Black "Ferry, Roger"]
[Result "1-0"]
[WhiteElo "2330"]
[BlackElo "2225"]
[PlyCount "63"]
[EventDate "1993.08.??"]
[EventType "swiss"]
[EventRounds "11"]
[EventCountry "FRA"]
[SourceTitle "EXT 2004"]
[Source "ChessBase"]
[SourceDate "2003.11.25"]
[SourceVersion "1"]
[SourceVersionDate "2003.11.25"]
[SourceQuality "1"]

1. d4 d5 2. Nf3 Nf6 3. c4 c6 4. Qc2 e6 5. Bf4 Nbd7 6. e3 Nh5 7. Bg3 Be7 8. Nc3 h6 9. Be2 Nxg3 10. hxg3 b6 11. e4 Bb7 12. cxd5 cxd5 13. exd5 exd5 14. Qf5 0-0 15. Nxd5 Bxd5 16. Qxd5 Bb4+ 17. Kf1 Nf6 18. Qb3 Bd6 19. Bc4 Qc7 20. Qd3 Rac8 21. Bb3 Rfe8 22. Rd1 Red8 23. Rxh6 Bf8 24. Rh4 Bd6 25. Qg6 b5 26. Ng5 Rd7 27. Nxf7 Rxf7 28. Bxf7+ Kf8 29. Rh8+ Ke7 30. Re1+ Kd7 31. Qf5+ Kc6 32. Rxc8 1-0

[Event "FRA-ch Fide"]
[Site "Nantes"]
[Date "1993.08.24"]
[Round "7"]
[White "Rene, Benoit"]
[Black "Alawieh, Amine"]
[Result "1/2-1/2"]
[WhiteElo "2225"]
[BlackElo "2330"]
[PlyCount "41"]
[EventDate "1993.08.??"]
[EventType "swiss"]
[EventRounds "11"]
[EventCountry "FRA"]
[SourceTitle "EXT 2004"]
[Source "ChessBase"]
[SourceDate "2003.11.25"]
[SourceVersion "1"]
[SourceVersionDate "2003.11.25"]
[SourceQuality "1"]

1. e4 e5 2. d4 exd4 3. c3 d5 4. exd5 Qxd5 5. cxd4 Nc6 6. Be3 Nf6 7. Nc3 Bb4 8. Nf3 Qa5 9. Bd2 0-0 10. a3 Bxc3 11. Bxc3 Qd5 12. Be2 Ne4 13. 0-0 Bf5 14. Qc1 Rfe8 15. Re1 Nxc3 16. bxc3 Be4 17. Qf4 Qd6 18. Qxd6 cxd6 19. Nd2 Bd5 20. Bb5 a6 21. Bc4 1/2-1/2

[Event "FRA-ch Fide"]
[Site "Nantes"]
[Date "1993.08.21"]
[Round "5"]
[White "Claverie, Christophe"]
[Black "Alawieh, Amine"]
[Result "0-1"]
[WhiteElo "2245"]
[BlackElo "2330"]
[PlyCount "54"]
[EventDate "1993.08.??"]
[EventType "swiss"]
[EventRounds "11"]
[EventCountry "FRA"]
[SourceTitle "EXT 2004"]
[Source "ChessBase"]
[SourceDate "2003.11.25"]
[SourceVersion "1"]
[SourceVersionDate "2003.11.25"]
[SourceQuality "1"]

1. e4 e5 2. Nf3 d6 3. d4 exd4 4. Nxd4 Nf6 5. Nc3 g6 6. Bg5 Bg7 7. Bc4 0-0 8. Qd2 a6 9. a4 Nc6 10. 0-0-0 Ne5 11. Be2 Qe8 12. Kb1 Bd7 13. a5 Nc6 14. Nxc6 bxc6 15. Qf4 Qe6 16. Rd3 Rfe8 17. f3 Bc8 18. Rhd1 Nd7 19. Na4 Rb8 20. Ra3 Ne5 21. Qe3 Nc4 22. Bxc4 Qxc4 23. Qd3 Qxd3 24. Rdxd3 f5 25. exf5 Re1+ 26. Ka2 Bxf5 27. Rd2 Be6+ 0-1

[Event "Cappelle op 09th"]
[Site "Cappelle la Grande"]
[Date "1993.??.??"]
[Round "2"]
[White "Alawieh, Amine"]
[Black "Hutters, Tomas"]
[Result "1/2-1/2"]
[WhiteElo "2310"]
[BlackElo "2445"]
[PlyCount "37"]
[EventDate "1993.02.??"]
[EventType "swiss"]
[EventRounds "9"]
[EventCountry "FRA"]
[SourceTitle "TD"]
[Source "ChessBase"]
[SourceDate "1994.03.01"]
[SourceVersion "1"]
[SourceVersionDate "1994.03.01"]
[SourceQuality "1"]

1. d4 Nf6 2. Nf3 g6 3. c4 Bg7 4. Nc3 0-0 5. Bg5 h6 6. Bh4 c5 7. e3 d6 8. h3 Nc6 9. Be2 cxd4 10. Nxd4 Nxd4 11. exd4 Bf5 12. 0-0 Ne4 13. Nxe4 Bxe4 14. Qd2 g5 15. Bg3 e5 16. f3 Bc6 17. d5 Bd7 18. Rac1 Re8 19. Bd3 1/2-1/2

[Event "Cappelle op 09th"]
[Site "Cappelle la Grande"]
[Date "1993.??.??"]
[Round "8"]
[White "Alawieh, Amine"]
[Black "Istratescu, Andrei"]
[Result "0-1"]
[WhiteElo "2310"]
[BlackElo "2470"]
[PlyCount "68"]
[EventDate "1993.02.??"]
[EventType "swiss"]
[EventRounds "9"]
[EventCountry "FRA"]
[SourceTitle "TD"]
[Source "ChessBase"]
[SourceDate "1994.03.01"]
[SourceVersion "1"]
[SourceVersionDate "1994.03.01"]
[SourceQuality "1"]

1. d4 Nf6 2. Nf3 g6 3. c4 Bg7 4. Nc3 0-0 5. Bg5 d6 6. e3 Nbd7 7. h3 e5 8. Be2 Re8 9. Qc2 c6 10. 0-0 Qa5 11. Bh4 Nf8 12. Rfe1 Ne6 13. a3 exd4 14. Nxd4 Nxd4 15. exd4 Be6 16. Rad1 a6 17. Qc1 d5 18. Qf4 Nd7 19. c5 h6 20. Qd2 Nf8 21. Bg3 Qd8 22. Bf1 Qd7 23. Be5 f6 24. Bf4 g5 25. Bd6 h5 26. Be2 Ng6 27. Bxh5 Bf7 28. Qd3 Nh4 29. Bxf7+ Kxf7 30. Ne2 Nf5 31. Bg3 Re4 32. f3 Rxe2 33. Rxe2 Nxg3 34. Ree1 f5 0-1

[Event "Guichen op"]
[Site "Guichen"]
[Date "1993.??.??"]
[Round "?"]
[White "Collas, Didier"]
[Black "Alawieh, Amine"]
[Result "0-1"]
[WhiteElo "2250"]
[BlackElo "2310"]
[PlyCount "90"]
[EventDate "1993.??.??"]
[EventType "swiss"]
[EventRounds "9"]
[EventCountry "FRA"]
[SourceTitle "EXT 1999"]
[Source "ChessBase"]
[SourceDate "1998.11.16"]
[SourceVersion "1"]
[SourceVersionDate "1998.11.16"]
[SourceQuality "1"]

1. d4 d5 2. c4 dxc4 3. Nf3 Nf6 4. e3 e6 5. Bxc4 c5 6. Qe2 a6 7. dxc5 Bxc5 8. 0-0 0-0 9. a3 b5 10. Bd3 Bb7 11. b4 Bd6 12. Bb2 Nbd7 13. Nbd2 Qb8 14. h3 Rd8 15. Rfd1 Ne5 16. Nxe5 Bxe5 17. Nb3 Bd5 18. Nd4 Qb6 19. f4 Bd6 20. e4 Bb3 21. e5 Bxd1 22. Rxd1 Be7 23. Kh2 Nd5 24. Qe4 g6 25. Rf1 Rac8 26. Nb3 Nc3 27. Qf3 Na4 28. Ba1 Rd7 29. Be4 Bf8 30. Na5 Rdc7 31. Bb7 Rd8 32. Be4 Rcc8 33. h4 Rd2 34. h5 Qd8 35. hxg6 Qh4+ 36. Kg1 hxg6 37. Nb3 Rdd8 38. Bb7 Rc2 39. Nd4 Ra2 40. Bxa6 Rxa1 41. Rxa1 Rxd4 42. g3 Qd8 43. Bxb5 Qb6 44. Qf2 Nc3 45. Bf1 Ne4 0-1